1623 1647 1557 1593 1945 1247 1530 1292 1218 1647 1860 1052 1391 1495 1642 1622 1403 1381 1384 1852 1677 1067 1500 1116 1883 1400 2000 1967 1503 1661 1035 1408 1551 1399 1764 1264 1348 1647 1691 1567 1527 1316 1420 1918 1744 1066 1862 1219 1264 1349 1869 1468 1945 1065 1878 1209 1600 1932 1808 1942 1428 1332 1484 1704 1169 1775 1666 1254 1357 1247 1953 1640 1982 1572 1420 1342 1523 1138 1225 1754 1895 1432 1772 1172 1006 1363 1876 1512 1574 1647 1598 1842 1663 1127 1823 1281 1410 1279 1400 BCNSPRNW ULIB Ver.6.0+V

เปลี่ยนเป็นภาษาไทย

Change to English
 แสดงรายละเอียดบรรณานุกรม
  กลับหน้าหลัก

Brief Record : Get Marc (ISO 2709) : E-mail record : QR code < ปิดหน้าต่าง
LEADER : 00000nam 2200000uu 4500
001    13399122151
003     ULIB
008    130107s2548||||th 000 0 tha d
020    ^a9747248042
050  4 ^aPN4129.T5^bส843น
100 0  ^aสุเมธ แสงนิ่มนวล
245 10 ^aแนวทางตัวอย่างการพูดในโอกาสต่างๆ.^n(ภาค 1) /^cสุเมธ แสงนิ่มนวล, ไอศูรย์ ดีรัตน์, รวบรวม
250    ^aพิมพ์ครั้งที่ 9
260    ^aกรุงเทพฯ :^bบุ๊คแบงก์,^c2548
300    ^a190 หน้า ;^c22 ซม.
650  4 ^aการพูด
650  4 ^aการพูดในชุมนุมชน
650  4 ^aวาทศิลป์
700 0  ^aไอศูนย์ ดีรัตน์
945    ^p130^l0^i033370
995    ^a เกษร
999    ^aใช้งานได้ทุกระบบ
รายการนี้ยังไม่มีแท็ก
คุณยังไม่ได้ล็อกอิน คุณสามารถมีกิจกรรมร่วมกับเว็บไซต์ได้ แต่ต้องล็อกอินก่อน ::
  ล็อกอิน

รายการสื่อสารสนเทศ

ลำดับที่ ประเภท เลขเรียก/บาร์โค้ด สถานที่ สถานะ
1. วิทยาศาสตร์การแพทย์ และสุขภาพ
วิทยาศาสตร์การแพทย์ และสุขภาพ
PN4129.T5 ส843น  
  Barcode: 033370
ห้องสมุดวิทยาเขตสวรรค์ประชารักษ์
►หนังสือทั่วไป
บนชั้น

รายการใกล้เคียง
    ผู้แต่ง [สุเมธ แสงนิ่มนวล]

    หัวเรื่อง [การพูด]
    หัวเรื่อง [การพูดในชุมนุมชน]
    หัวเรื่อง [วาทศิลป์]

BibComment


ยังไม่เคยถูกคอมเมนท์

คอมเมนท์ทรัพยากรรายการนี้
  คอมเมนท์: แนวทางตัวอย่างกา..


 Copyright 2026. Bcnsprnw @Library